Normal view
MARC view
- ROOT LOCKES METHODS TRANSIENTS
Entry Topical Term
001 - CONTROL NUMBER
- control field: 74940
003 - CONTROL NUMBER IDENTIFIER
- control field: NUST
005 - DATE AND TIME OF LATEST TRANSACTION
- control field: 20210628205324.0
008 - FIXED-LENGTH DATA ELEMENTS
- fixed length control field: 210628|| aca||aabn | a|a d
040 ## - CATALOGING SOURCE
- Original cataloging agency: NUST
- Transcribing agency: NUST
150 ## - HEADING--TOPICAL TERM
- Topical term or geographic name entry element: ROOT LOCKES METHODS TRANSIENTS
670 ## - SOURCE DATA FOUND
- Source citation: Work cat.: (NUST): MADDOCK, R. J 20194, POLES AND ZEROS IN ELECTRICAL AND CONTROL ENGINEERING, 1982
